| 000 | 00936nam a22003015a 4500 | ||
|---|---|---|---|
| 999 |
_c26883 _d26855 |
||
| 003 | EG-ScBUE | ||
| 005 | 20210316094857.0 | ||
| 008 | 181015s2004 le f d 000 d eng d | ||
| 020 | _a9953334358 | ||
| 020 | _a9789953334356 | ||
| 040 |
_aEG-ScBUE _beng _erda _cEG-ScBUE _dEG-ScBUE |
||
| 082 | 0 | 4 |
_a822.33 _bSHA _222 |
| 100 | 1 |
_aShakespeare, William, _d1564-1616, _eauthor. _930760 |
|
| 245 | 1 | 4 |
_aThe tempest : _bwith an introduction and a glossary / _cWilliam Shakespeare. |
| 264 | 1 |
_aBeirut : _bYork Press, _c2004. |
|
| 300 |
_aLii, 107 pages ; _c20 cm. |
||
| 336 |
_2rdacontent _atext _btxt |
||
| 337 |
_2rdamedia _aunmediated _bn |
||
| 338 |
_2rdacarrier _avolume _bnc |
||
| 490 | 0 | _aYork classics | |
| 500 | _aIncludes glossary. | ||
| 650 | 7 |
_aShipwreck survival _vDrama. _2BUEsh |
|
| 650 | 7 |
_aMagicians _vDrama. _2BUEsh |
|
| 651 | _2BUEsh | ||
| 653 |
_bHHUUEENN _cOctober2018 |
||
| 655 |
_vText book _933728 |
||
| 942 |
_2ddc _cTXT |
||